000 00294nam a2200121Ia 4500
005 20251222143257.0
008 251222s9999||||xx |||||||||||||| ||spa||
082 _a507.2/C76
100 _aConant, James B.
245 0 _aLa Comprensión de la Ciencia:
264 _bPlaza & Janes
942 _cLIB
999 _c15174
_d15174